| 000 | 00590pab a2200193 454500 | ||
|---|---|---|---|
| 008 | 180718b2004 xxu||||| |||| 00| 0 eng d | ||
| 100 | _aHusain, Zakir | ||
| 245 | _aAnalysing demand for primary education: Muslim slum dwellers of Kolkata | ||
| 260 | _c2004 | ||
| 300 | _ap.137-47. | ||
| 362 | _a8 Jan | ||
| 650 | _aMuslims - India - West Bengal | ||
| 650 | _aSlums - India - West Bengals | ||
| 650 | _aEducation- India - West Bengal | ||
| 650 | _aPrimary education - India - West Bengal | ||
| 650 | _aPrimary education | ||
| 773 | _aEconomic and Political Weekly | ||
| 909 | _a63786 | ||
| 999 |
_c63786 _d63786 |
||